<?xml version="1.0" encoding="UTF-8"?>
<collection xmlns="http://www.loc.gov/MARC21/slim">
<record>
  <controlfield tag="001">3810</controlfield>
  <controlfield tag="005">20190124102052.0</controlfield>
  <datafield tag="037" ind1=" " ind2=" ">
    <subfield code="a">DATASET-2019-0018</subfield>
  </datafield>
  <datafield tag="100" ind1=" " ind2=" ">
    <subfield code="a">Bruyninx, C.</subfield>
  </datafield>
  <datafield tag="245" ind1=" " ind2=" ">
    <subfield code="a">Daily Estimated Positions of GNSS Stations in and around Belgium (using epn_08.atx): 01/01/1998-28/01/2017</subfield>
  </datafield>
  <datafield tag="260" ind1=" " ind2=" ">
    <subfield code="c">2018</subfield>
  </datafield>
  <datafield tag="520" ind1=" " ind2=" ">
    <subfield code="a">Estimated positions of selected EPN and non-EPN stations and ROB network (±250 stations) in SINEX format. Submitted to the ftp site of the chair of the EPN Densification Project (data available on request).</subfield>
  </datafield>
  <datafield tag="594" ind1=" " ind2=" ">
    <subfield code="a">NO</subfield>
  </datafield>
  <datafield tag="653" ind1="1" ind2=" ">
    <subfield code="a">GNSS, positions</subfield>
  </datafield>
  <datafield tag="856" ind1="0" ind2=" ">
    <subfield code="f">carine.bruyninx@observatoire.be</subfield>
  </datafield>
  <datafield tag="980" ind1=" " ind2=" ">
    <subfield code="a">DATASET</subfield>
  </datafield>
</record>
</collection>